00384nam a2200181Ia 4500003000900000008004100009040001300050040001300063041000800076100001700084245003700101250001100138260001700149260000900166300001100175300001000186490000600196IT-RoPAU120407s9999 xx 000 0 und d aIT-RoPAU cIT-RoPAU aeng aJosef Pieper 4aThe Human Wisdom of St. Thomas.  aLondon aSheed & Ward c1948 a111 p. c21 cm v1